000 00751nam a2200241 a 4500
005 20191224041634.0
008 140305b1994 ck |||||rm||| 00| 0 spa d
040 _aCO-BoIAVH
_cCO-BoIAVH
041 _aspa
044 _ack
090 _aTE
_b0050
100 _aBohórquez Chaux, Adriana
245 _aCaracterización de poblaciones de Mononychellus tanajoa (Bondar) por medio de técnicas moleculares
260 _aSantiago de Cali
_bUniversidad del Valle. Facultad de Ciencias
_c1994
300 _a103
650 _aEcología de poblaciones
650 _aBiología molecular
650 _aTaxonomía
650 _aControl biológico
650 _aAcaros
662 _aColombia
942 _cTESIS
_2z
999 _c2384
_d2384